000 00266nam a2200109Ia 4500
001 1268648
005 20260417145254.0
008 260417s9999 xx 000 0 und d
020 _a9786256309241
245 0 _aDenize Doğru
_cHelen Kellock
260 _bKetebe Çocuk
999 _c1268648
_d1268648